000 00232nam a22000857a 4500
008 160701b xxu||||| |||| 00| 0 eng d
100 _91741
_a Holland, D.A
245 _aShort Multiplication
260 _aNew Delhi
_bOxford Publication
_c1976
999 _c1447
_d1447